000 00266nam a22001217a 4500
008 181008b xxu||||| |||| 00| 0 eng d
041 _aeng
080 _a610
100 _a4
101 _aSHM
245 _aTextbook of Family Medicine
_cRakel, R.F
942 _2udc
_cBK
999 _c49080
_d49080